Т. 3; Народные русские сказки А. Н. Афанасьева
| Parent link: | Народные русские сказки А. Н. Афанасьева: В 5-ти т.. Т. 3.— , 1999 |
|---|---|
| Language: | Russian |
| Published: |
1999
|
| Subjects: | |
| Format: | Book |
| KOHA link: | https://koha.lib.tpu.ru/cgi-bin/koha/opac-detail.pl?biblionumber=25547 |
MARC
| LEADER | 00000nam0a2200000 4500 | ||
|---|---|---|---|
| 001 | 25547 | ||
| 005 | 20231030201022.0 | ||
| 010 | |a 5300027634 | ||
| 035 | |a (RuTPU)RU\TPU\book\25783 | ||
| 035 | |a BOOK00025858 | ||
| 090 | |a 25547 | ||
| 100 | |a 20011209d1999 m y0rusy50 ca | ||
| 101 | 0 | |a rus | |
| 102 | |a RU | ||
| 105 | |a y z 000ay | ||
| 200 | 0 | |a Т. 3 | |
| 210 | |d 1999 | ||
| 215 | |a 303 с. | ||
| 461 | |t Народные русские сказки А. Н. Афанасьева |o В 5-ти т. |v Т. 3 |d 1999 | ||
| 610 | 1 | |a сказки | |
| 610 | 1 | |a русские сказки | |
| 675 | |a 811 |v 3 | ||
| 801 | 0 | |a RU |b 63413507 |c 20011209 |g PSBO | |
| 801 | 2 | |a RU |b 63413507 |c 20090210 |g PSBO | |
| 942 | |c BK | ||